000 00896nam a2200181 a 4500
001 000040908
005 20201002034453.0
008 130911s2005 sp 000 0 spa d
040 _aDO-SdBNP
_bspa
_cBNPHU
245 0 0 _aLa arqueología clásica peninsular ante el tercer milenio :
_ben el centenario de A. García y Bellido (1903-1972) /
_cManuel Bendala ... [et al.] (eds.).
260 _aMadrid :
_bConsejo Superior de Investigaciones Científicas :
_bInstituto de Historia, Departamento de Historia Antigua y Arqueología,
_c2005.
300 _a217 p. :
_bil. ;
_c29 cm.
490 1 _aAnejos de Archivo español de arqueología
_v34
500 _aIncluye referencias bibliográficas y notas al pie de las páginas
700 1 _aBendala Galán, Manuel
_959588
710 2 _aConsejo Superior de Investigaciones Científicas
_94786
830 0 _aAnejos de Archivo español de arqueología
_n34
_967339
999 _c40398
_d40398